00670cam a22002051 4500001001300000003000400013005001700017008004100034010001700075035001900092040005500111042001200166050001600178100003500194245008600229260004800315300004500363504003600408650002000444agr15000224 DLC20260227110937.0780316s1914 mx ab b 000 0 spa c aagr15000224  a(OCoLC)3722468 aLibrary, U.S. Dept. of AgriculturecTUdOCoLCdDLC apremarc00aQK211b.R421 aReiche, Karl Friedrich,d1860-03aLa vegetación en los alrededores de la capital de México,cpor Carlos Reiche. aMéxico,bTipografía económica,c1914. a143 p., 2 l.billus., fold. map.c25 cm. a"Literatura consultada": p. [3] 0aBotanyzMexico.